Loading...
| Fine Arts - Other | 0 | 7 | 0 | 0 | 70 | 54 | 85.29 | 2 | 6 | 0.00 | 0.00 |
| Fine Arts - Painting and Sculpture | 0 | 6 | 1 | 1 | 55 | 27 | 78.17 | 3 | 4 | 0.00 | 0.00 |
| Literature - European | 0 | 4 | 0 | 0 | 40 | 46 | 98.25 | 1 | 1 | 0.00 | 0.00 |
| History - World | 0 | 4 | 1 | 1 | 35 | 64 | 86.25 | 1 | 3 | 0.00 | 0.00 |
| Social Science | 0 | 3 | 0 | 1 | 30 | 93 | 99.67 | 0 | 1 | 0.00 | 0.00 |
| History - Other | 0 | 3 | 0 | 1 | 30 | 57 | 87.67 | 2 | 2 | 0.00 | 0.00 |
| Literature - World | 0 | 3 | 1 | 0 | 25 | 90 | 102.67 | 0 | 0 | 0.00 | 0.00 |
| Literature - British | 0 | 2 | 0 | 0 | 20 | 142 | 143.00 | 0 | 0 | 0.00 | 0.00 |
| History - European | 0 | 3 | 2 | 0 | 20 | 48 | 60.00 | 0 | 3 | 0.00 | 0.00 |
| Religion | 0 | 2 | 0 | 0 | 20 | 48 | 71.50 | 1 | 2 | 0.00 | 0.00 |
| Mythology | 0 | 2 | 1 | 0 | 15 | 74 | 75.00 | 0 | 1 | 0.00 | 0.00 |
| Philosophy | 0 | 2 | 1 | 0 | 15 | 69 | 74.50 | 1 | 2 | 0.00 | 0.00 |
| Current Events | 0 | 1 | 0 | 0 | 10 | 80 | 80.00 | 0 | 1 | 0.00 | 0.00 |
| Other Academic | 0 | 1 | 0 | 0 | 10 | 86 | 86.00 | 0 | 0 | 0.00 | 0.00 |
| Literature - American | 0 | 1 | 0 | 0 | 10 | 100 | 100.00 | 1 | 1 | 0.00 | 0.00 |
| Popular Culture | 0 | 1 | 0 | 0 | 10 | 30 | 30.00 | 0 | 1 | 0.00 | 0.00 |
| Fine Arts - Classical Music | 0 | 1 | 0 | 0 | 10 | 75 | 75.00 | 0 | 1 | 0.00 | 0.00 |
| History - American | 0 | 0 | 1 | 0 | -5 | 0.00 | 0 | 0 | 0.00 | 0.00 |